Návrh technologického postupu výroby konštrukčne komplexnej súčiastky obrábaním

Gespeichert in:
Bibliographische Detailangaben
1. Verfasser: Bračík, Peter (Verfasst von)
Weitere Verfasser: Necpal, Martin (Betreuung Doktorarbeit)
Format: Manuskript Buch
Sprache:Slowakisch
Veröffentlicht: 2024
Schlagworte:
Online-Zugang:http://is.stuba.sk/zp/portal_zp.pl?podrobnosti=169278
Tags: Tag hinzufügen
Keine Tags, Fügen Sie das erste Tag hinzu!

MARC

LEADER 00000ntm a22000003a 4500
001 stuzp99107
003 SK-STU
005 20240629212625.1
007 ta
008 150427s2015----xo-----f-mn---000-0-slo-d
040 |a STU  |b slo 
041 0 |a slo 
100 1 |a Bračík, Peter  |u 063000  |4 aut  |U MTF Materiálovotechnologická fakulta  |T MTF Ústav výrobných technológií  |X 116497  |U M3000  |Y 83  |7 116497 
242 0 1 |a Development of a technological procedure for the machining production of structurally complex components  |y eng 
245 1 0 |a Návrh technologického postupu výroby konštrukčne komplexnej súčiastky obrábaním 
260 |c 2024 
650 4 |a CNC obrábanie  |2 slo 
650 4 |a CAx systémy  |2 slo 
650 4 |a technologický postup  |2 slo 
650 4 |a CAx systems  |2 eng 
650 4 |a technological procedure  |2 eng 
650 4 |a CNC machining  |2 eng 
700 1 |a Necpal, Martin  |u 063200  |k Z1  |4 ths  |U MTF Ústav výrobných technológií  |T MTF Katedra obrábania a počítačovej podpory technológií  |X 20985  |U M3200  |Y 164  |7 A000020985 
856 4 |u http://is.stuba.sk/zp/portal_zp.pl?podrobnosti=169278 
996 |c M* BP-9726  |l MMSKP  |s A  |a 24  |w stuzp99107_0001